El camino hacia fuentes alternas de energía /

Bewaard in:
Bibliografische gegevens
Hoofdauteur: Breceda Lapeyre, Miguel
Formaat: Texto
Tags: Voeg label toe
Geen labels, Wees de eerste die dit record labelt!

MARC

LEADER 00000 a a2200000 04500
001 45782
003
040 |a CRAI/IIS  |c CRAI/IIS 
100 |a Breceda Lapeyre, Miguel  
245 |a El camino hacia fuentes alternas de energía /  |c Miguel Breceda Lapeyre  
773 |g número47 (1989), páginas 19-20  
999 |c 18468  |d 18468